Guess the Character - Helluva Boss - Statistics

General Stats
  • This quiz has been taken 812 times
  • The average score is 15 of 19
Answer Stats
Hint Answer % Correct
Founder and manager of I.M.P, former circus performer Blitz
98%
Goetic Prince of Hell. Definitely in love with #1 Stolas
98%
Assassin at I.M.P, exciteful powerhouse of the gang, wife of the above ^ Millie
97%
An assassin at I.M.P, weapons expert of the gang who tends to be the most rational of the group Moxxie
95%
A former clown at Cash Buckzo's circus and childhood best friend of #1, well-known across the rings, boasting a comedy career working for several demons. Fizzarolli
91%
Receptionist of I.M.P, the adoptive child of #1 Loona
90%
One of the Seven Deadly Sins, embodying the sin of Lust, dating the above ^ Asmodeus
87%
#4 (ex) wife, supporting antagonist Stella
85%
Owner of the theme park Loo Loo Land in the Greed Ring[ and the former boss of #5 He is also one of the Seven Deadly Sins, embodying the sin of Greed. Mammon
82%
Teenage daugther of #3 and #10 Octavia
77%
Hitman Striker
73%
Succubus demon and a famous popstar in both Hell and the living world. Verosika Mayday
72%
Bodyguard for the famous pop star Vortex
71%
Dating, # and one of the Seven Deadly Sins, embodying the sin of Gluttony. Beelzebub
68%
#2's father and the head of a powerful mafia organization in the Greed Ring Crimson
66%
Former circus performer and #1's twin Barbie Wire
63%
King of the Ars Goetia, and the father of #3 Paimon
57%
Member of the Ars Goetia, sibling of the above ^ Andrealphus
56%
Ex-boyfriend of #2 and #3 Chazwick
45%
No matching quizzes found
Score Distribution
Percent of People with Each Score
Percentile by Number Answered
Your Score History
You have not taken this quiz